The next day : (Record no. 406995)
[ view plain ]
| 000 -LEADER | |
|---|---|
| fixed length control field | 01979cam a2200385 i 4500 |
| 001 - CONTROL NUMBER | |
| control field | 2024059927 |
| 003 - CONTROL NUMBER IDENTIFIER | |
| control field | DLC |
| 005 - DATE AND TIME OF LATEST TRANSACTION | |
| control field | 20250618145444.0 |
| 008 - FIXED-LENGTH DATA ELEMENTS--GENERAL INFORMATION | |
| fixed length control field | 250324s2025 nyu 000 0deng |
| 010 ## - LIBRARY OF CONGRESS CONTROL NUMBER | |
| LC control number | 2024059927 |
| 020 ## - INTERNATIONAL STANDARD BOOK NUMBER | |
| International Standard Book Number | 9781250378651 |
| Qualifying information | (hardcover) |
| 020 ## - INTERNATIONAL STANDARD BOOK NUMBER | |
| Cancelled/invalid ISBN | 9781250378668 |
| Qualifying information | (ebook) |
| 040 ## - CATALOGING SOURCE | |
| Original cataloging agency | DLC |
| Language of cataloging | eng |
| Description conventions | rda |
| Transcribing agency | DLC |
| Modifying agency | TnLvILS |
| 042 ## - AUTHENTICATION CODE | |
| Authentication code | pcc |
| 050 00 - LIBRARY OF CONGRESS CALL NUMBER | |
| Classification number | BF637.L53 |
| Item number | G37 2025 |
| 082 00 - DEWEY DECIMAL CLASSIFICATION NUMBER | |
| Classification number | 158.1 |
| Edition number | 23/eng/20250324 |
| 092 ## - LOCALLY ASSIGNED DEWEY CALL NUMBER (OCLC) | |
| Classification number | general nonfiction |
| Item number | 158.1 Gates, Melinda |
| 100 1# - MAIN ENTRY--PERSONAL NAME | |
| Personal name | Gates, Melinda, |
| Dates associated with a name | 1964- |
| Relator term | author. |
| 9 (RLIN) | 6543146 |
| 245 14 - TITLE STATEMENT | |
| Title | The next day : |
| Remainder of title | transitions, change, and moving forward / |
| Statement of responsibility, etc | Melinda French Gates. |
| 250 ## - EDITION STATEMENT | |
| Edition statement | First edition. |
| 264 #1 - Production, Publication, Distribution, Manufacture, and Copyright Notice. | |
| Place of production, publication, distribution, manufacture | New York : |
| Name of producer, publisher, distributor, manufacturer | Flatiron Books, |
| Date of production, publication, distribution, manufacture, or copyr | 2025. |
| 300 ## - PHYSICAL DESCRIPTION | |
| Extent | 162 pages ; |
| Dimensions | 22 cm |
| 336 ## - Content Type | |
| Content type term | text |
| 337 ## - Media type | |
| Media type term | unmediated |
| 338 ## - Carrier type | |
| Carrier type term | volume |
| 505 0# - FORMATTED CONTENTS NOTE | |
| Formatted contents note | Find your small wave -- Feel the ease of letting go -- Be a greenhouse -- Distill your inner voice -- Pause in the clearing -- Plant roots -- Emerge. |
| 520 ## - SUMMARY, ETC. | |
| Summary, etc | "Transitions are moments in which we step out of our familiar surroundings and into a new landscape--a space that, for many people, is shadowed by confusion, fear, and indecision. [This book] accompanies readers as they cross that space, offering guidance on how to make the most of the time between an ending and a new beginning and how to move forward into the next day when the ground beneath you is shifting. ... Melinda will reflect, for the first time in print, on some of the most significant transitions in her own life, including becoming a parent, the death of a dear friend, and her departure from the Gates Foundation"-- |
| 600 10 - SUBJECT ADDED ENTRY--PERSONAL NAME | |
| Personal name | Gates, Melinda, |
| Dates associated with a name | 1964- |
| 9 (RLIN) | 6543146 |
| 650 #0 - SUBJECT ADDED ENTRY--TOPICAL TERM | |
| Topical term or geographic name as entry element | Life change events. |
| 650 #0 - SUBJECT ADDED ENTRY--TOPICAL TERM | |
| Topical term or geographic name as entry element | Change (Psychology) |
| 650 #0 - SUBJECT ADDED ENTRY--TOPICAL TERM | |
| Topical term or geographic name as entry element | Resilience (Personality trait) |
| 650 #0 - SUBJECT ADDED ENTRY--TOPICAL TERM | |
| Topical term or geographic name as entry element | Liminality. |
| 9 (RLIN) | 6543147 |
| 655 #7 - INDEX TERM--GENRE/FORM | |
| Genre/form data or focus term | Self-help publications. |
| Source of term | lcgft |
| 9 (RLIN) | 5768964 |
| 942 ## - ADDED ENTRY ELEMENTS (KOHA) | |
| Source of classification or shelving scheme | Dewey Decimal Classification |
| Koha item type | BOOK |
| Withdrawn status | Lost status | Source of classification or shelving scheme | Damaged status | Not for loan | Collection code | Home library | Current library | Shelving location | Date acquired | Source of acquisition | Total Checkouts | Total Renewals | Full call number | Barcode | Date last seen | Date checked out | Cost, replacement price | Price effective from | Koha item type |
|---|---|---|---|---|---|---|---|---|---|---|---|---|---|---|---|---|---|---|---|
| Dewey Decimal Classification | General NonFiction | Wasatch County Library | Wasatch County Library | Second Floor | 06/25/2025 | Ingram | 6 | 1 | 158.1 Gates | 34301002116657 | 02/19/2026 | 09/05/2025 | 25.99 | 06/18/2025 | BOOK |
